LIBRARY & INFORMATION CENTRE, KCAET, TAVANUR

ONLINE PUBLIC ACCESS CATALOGUE (OPAC)

Pre-university zoology / (Record no. 1998)

MARC details
000 -LEADER
fixed length control field 00503cam a2200205ua 4500
041 ## - LANGUAGE CODE
Language code of text/sound track or separate title eng
082 ## - DEWEY DECIMAL CLASSIFICATION NUMBER
Classification number 590
Item number EKA/PR
100 ## - MAIN ENTRY--AUTHOR NAME
Personal name Ekambaranatha , Ayyar.M .
245 ## - TITLE STATEMENT
Title Pre-university zoology /
250 ## - EDITION STATEMENT
Edition statement 1 /
260 ## - PUBLICATION, DISTRIBUTION, ETC. (IMPRINT)
Place of publication :
Name of publisher Viswanathan.S ,
Year of publication 1962.
300 ## - PHYSICAL DESCRIPTION
Number of Pages 204 ; .
700 1# - ADDED ENTRY--PERSONAL NAME
Personal name Anantha krishnan, T.N .
942 ## - ADDED ENTRY ELEMENTS (KOHA)
Koha item type Books
Holdings
Withdrawn status Lost status Damaged status Home library Current library Date acquired Cost, normal purchase price Full call number Accession Number Koha item type
Withdrawn     KAUAET KAUAET 07/04/2012 2.50 590 EKA/PR 7381 Books
      KAUAET KAUAET 07/04/2012 3.00 590 EKA/PR 7344 Books
Withdrawn Lost and Paid For   KAUAET KAUAET 24/06/2020 3.00 590 EKA/PR 7382 Books
free website counter